00648nam a2200181 i 4500001000700000003000900007005001700016007000300033008004100036100002800077245007500105250001500180260004300195300005500238852003200293999001900325952012200344100860ES-MaACL20230906182753.0t|051006s1964 sp ||||1| spa d1 aMateu Sancho, P.97900713aLa Luna b: próximo objetivo astronáutico / cpor P. Mateu Sancho. a[1ª ed.]. aBarcelona : bPlaza & Janés, c1964. a293 p., 20 lám., 1 map. pleg. : bil. ; c24 cm. aES-MaACLjC-25872 bR.54804 c100860d100860 00104070aATENEOMbATENEOMcDEPO2d2008-01-17eSCl0oC-25872p1105304r2023-02-23 00:00:00w2023-02-23yMONOGRAFIA